00721nam a2200169Ia 4500008004100000020001800041050002400059100003300083245007500116250001000191260003300201300002600234500006500260650009100325952011800416999001700534120721s9999 xx 000 0 und d a970-15-0447-X aQA76.73B C4311 1999 aCeballos Sierra, Fco. Javier aVisual Basic 6 : curso de programación / Fco. Javier Ceballos Sierra a2a ed aMéxico : Alfaomega, c 1999 a498 p. : il. ; 20 cm. aIncluye disquete con las aplicaciones contenidas en el libro a1. Microsoft Visual Basic II. BASIC (Lenguaje de programación para computadoras)Ì 00104070a08b08d2008-12-17l23m11oQA76.73B C4311 1999p08 000098r2018-03-23s2018-03-23t1w2012-07-20yLB c81282d81282